Export Ready — 

The face of the ancient Orient : a panorama of Near Eastern civilizations in pre-classical times.

Saved in:

Main Author: Moscati, Sabatino (Author)

Format: Book

Language: English
Italian

Published: Chicago : Quadrangle Books, [1960].

Subjects:

Tags: Add Tag

No Tags, Be the first to tag this record!

Call Number: DS56 .M563 1960

LEADER 00710namaa2200229 4500
001 20786
003 OSt
005 20260311102859.0
008 130303s1960 enka 000 0 eng d
010 |a 60003141 
040 |c ARCE Library 
041 1 |a eng  |h ita 
050 4 |a DS56 .M563 1960 
100 1 |a Moscati, Sabatino,  |e author  |9 36263 
240 1 0 |a Il profilo dell'Oriente mediterraneo.  |l English 
245 1 4 |a The face of the ancient Orient :   |b a panorama of Near Eastern civilizations in pre-classical times. 
264 1 |a Chicago :   |b Quadrangle Books,   |c [1960]. 
300 |a 328 pages :   |b illusrtarions ;   |c 23 cm. 
650 0 |a Civilization, Ancient. 
901 |a reviewed 
942 |c BK  |2 lcc 
999 |c 17226  |d 17226